El lockout en el derecho de los Estados Unidos (su contraste con el cierre patronal del derecho espaǫl) /

Detalles Bibliográficos
Autor principal: Gm̤ez Abelleira, Francisco Javier
Otros Autores: Martn̕ez Girn̤, Jess︢ (pr)
Formato: Desconocido
Lenguaje:español
Publicado: Barcelona : Cedecs, 1998
Materias:
Acceso en línea:Acceso restringido

MARC

LEADER 00000ny a22000003n 4500
005 20110526141522.0
008 990511s1998 sp s 000 0 spa c
017 |a L604-1998 
020 |a 8495027240 
035 |a 318 
040 |a UMA.RE  |d vlex 
040 |a UMA.RLB  |d vlex 
080 |a 331.109:349.2(460:73) 
080 |a 349.2:331.109(73:460) 
090 |c 295  |d 295 
100 1 |a Gm̤ez Abelleira, Francisco Javier 
245 1 3 |a El lockout en el derecho de los Estados Unidos  |h [Recurso electrn̤ico]  |b (su contraste con el cierre patronal del derecho espaǫl) /  |c Francisco Javier Gm̤ez Abelleira ; prl̤ogo de Jess︢ Martn̕ez Gir{acut 
256 |a Servicio en ln̕ea 
260 |a Barcelona :  |b Cedecs,  |c 1998 
300 |a 143 p. ;  |c 24 cm 
506 1 |a Contenido solo disponible en los productos indicados  |d vLex Global  |d vLex Global (Academic Edition, excluding Law Schools)  |d vLex Global (U.S. Academic Edition, Law Schools)  |d vLex Global (U.S. Academic Edition, excluding Law Schools)  |d vLex Global (Academic Edition, Law Schools) 
650 |a Laboral  |2 Tesauro vLex 
650 |a Empresa y empresario  |2 Tesauro vLex 
650 |a Cierre patronal  |2 Tesauro vLex 
700 1 |a Martn̕ez Girn̤, Jess︢,  |e pr 
740 0 |a vLex Libros (Servicios en ln̕ea) 
856 4 0 |u http://vlex.com/source/318  |z Acceso restringido 
942 |c BOOK 
999 0 |a Labor laws and legislation  |b Barcelona